Larousse dictionary of writers / (Record no. 134694)

MARC details
000 -LEADER
fixed length control field 00672nam a22002177a 4500
005 - DATE AND TIME OF LATEST TRANSACTION
control field 20170124110232.0
010 ## - LIBRARY OF CONGRESS CONTROL NUMBER
LC control number A-763857
020 ## - INTERNATIONAL STANDARD BOOK NUMBER
Terms of availability 00.00
International Standard Book Number 0752300067
035 ## - SYSTEM CONTROL NUMBER
System control number A-763857
037 ## - SOURCE OF ACQUISITION
Source of stock number/acquisition Cen Lib/Ret
040 ## - CATALOGING SOURCE
Original cataloging agency DPL
Language of cataloging EN
082 ## - DEWEY DECIMAL CLASSIFICATION NUMBER
Classification number 880.92
Item number LAR
245 ## - TITLE STATEMENT
Title Larousse dictionary of writers /
Statement of responsibility, etc edited by Rosemary Goring
260 ## - PUBLICATION, DISTRIBUTION, ETC. (IMPRINT)
Place of publication, distribution, etc Edinburgh
Name of publisher, distributor, etc Larousse
Date of publication, distribution, etc 1994
270 ## - ADDRESS
Address 43-45 Annandale Street
City Edinburgh
300 ## - PHYSICAL DESCRIPTION
Extent ix,1070p.
Dimensions 24cm(Hb)
650 ## - SUBJECT ADDED ENTRY--TOPICAL TERM
Topical term or geographic name as entry element Literature -- Dictionaries
9 (RLIN) 41444
650 ## - SUBJECT ADDED ENTRY--TOPICAL TERM
Topical term or geographic name as entry element Literature -- Bio-bibliography -- Dictionaries
9 (RLIN) 41445
700 ## - ADDED ENTRY--PERSONAL NAME
Personal name Goring, Rosemary
9 (RLIN) 41446
942 ## - ADDED ENTRY ELEMENTS (KOHA)
Source of classification or shelving scheme Dewey Decimal Classification
Koha item type English Books
Classification part 880.92
Call number suffix LAR
Holdings
Withdrawn status Lost status Damaged status Not for loan Collection code Home library Current library Date acquired Source of acquisition Cost, normal purchase price Total Checkouts Full call number Barcode Date last seen Copy number Cost, replacement price Price effective from Koha item type
      Not For Loan Reference Central Library Central Library 31/07/2015 Cen Lib/Ret 0.00   880.92 LAR A-763857 31/07/2015 1 0.00 31/07/2015 English Books

© Delhi Public Library
Hit Counter
free hit counter